000 00458nam a22001697a 4500
003 BD-ChCU
005 20251215113632.0
008 251215b bg ||||| |||| 00| 0 ben d
040 _cBD-ChCU
082 _a537.16 STT
100 _aStix , Thomas Howard .
_918149
245 _aThe theory of plasma waves ./
_cThomas Howard , Stix .
260 _aNew York :
_bMcgraw -hill
_cC 1962
300 _a x, 283p
650 0 _aPlasma.
_918150
942 _2ddc
_cBK
_n0
999 _c110455
_d110455